Wymien YouTuberów bez samogłosek - Statystyki

Ogólne statystyki
  • Ten quiz został rozwiązany 12 razy
  • Średni wynik to 5 z 9
Statystyki odpowiedzi
nwm Odpowiedź % Poprawnych
Blwk Blowek
92%
Frz Friz
92%
wrsw Wersow
83%
Rz Rezi
75%
St Stuu
75%
Nrck Naruciak
58%
Lttlmnstr96 Littlemoonster96
25%
sMxPmp IsAMUxPompa
17%
Crtx Crtx
0%
Nie znaleziono quizów pasujących do podanych kryteriów
Rozkład punktacji
Procent ludzi z każdym wynikiem
Percentyl według liczby udzielonych odpowiedzi
Twoja historia wyników
Nie rozwiązałeś tego quizu